[Event "TURNIEJ O PUCHAR UKS PALAC MLODZIEZY KATOWICE Z OKAZJI DNIA NIEPODLEGLOSCI"]
[Site "Centrum Kongresow i Rekreacji Orle Gniazdo ul. Wrzosowa 28a, Szczyrk"]
[Date "1899-12-30"]
[Round "8.58"]
[White "Reszka, Zofia"]
[Black "Stanik, Szymon"]
[Result "0-1"]
[WhiteTitle "I"]
[BlackTitle "III"]
[WhiteElo "1201"]
[BlackElo "1001"]

1. e4 c5 2. Nf3 d6 3. d4 cxd4 4. Nxd4 Nf6 5. Nc3 e6 6. Bd3 a6 7. O-O Be7 8. Be3
O-O 9. Kh1 b5 10. a3 Bb7 11. Qe1 Nbd7 12. f4 Nc5 13. e5 Nxd3 14. cxd3 dxe5 15.
fxe5 Ng4 16. Qg3 Nxe3 17. Qxe3 Bc5 18. Nce2 Qd5 19. Qf3 Qxe5 20. Qxb7 Bxd4 21.
Nxd4 Qxd4 22. Qe4 Qxb2 23. a4 bxa4 24. Rxa4 Qb5 25. Rb4 Qd5 26. Qxd5 exd5 27.
Rd4 Rfd8 28. Rf5 a5 29. Rfxd5 Rxd5 30. Rxd5 a4 31. Re5 a3 32. Re1 a2 33. Ra1 f6
34. h3 Kf7 35. Kh2 Ke6 36. Kg3 Kd5 37. Kf2 Kd4 38. Ke2 Kc3 39. Rc1+ Kb2 40. Kd2
a1=Q 41. Rc2+ Kb3 42. g4 Qa5+ 43. Kd1 Re8 44. Re2 Qa1+ 45. Kd2 Qc3+ 46. Kd1 Qxd3+
47. Rd2 Qb1# 0-1

[Event "TURNIEJ O PUCHAR UKS PALAC MLODZIEZY KATOWICE Z OKAZJI DNIA NIEPODLEGLOSCI"]
[Site "Centrum Kongresow i Rekreacji Orle Gniazdo ul. Wrzosowa 28a, Szczyrk"]
[Date "1899-12-30"]
[Round "8.59"]
[White "Jedras, Adrianna"]
[Black "Grodzicki, Piotr"]
[Result "1/2-1/2"]
[WhiteTitle "I"]
[BlackTitle "II"]
[WhiteElo "1101"]
[BlackElo "1199"]

1. e4 c6 2. d4 d5 3. Nc3 dxe4 4. Nxe4 Bf5 5. Nc3 Nf6 6. Bg5 Nbd7 7. Bd3 Bxd3 8.
Qxd3 e6 9. Nf3 Be7 10. O-O O-O 11. Rad1 Nd5 12. Bxe7 Nxe7 13. Ne4 Nb6 14. Nc5
Qc7 15. a4 Ng6 16. Ng5 Rae8 17. Rfe1 e5 18. dxe5 Rxe5 19. Rxe5 Qxe5 20. Nce4 h6
21. Nf3 Qc7 22. a5 Nd5 23. c4 Ndf4 24. Qd2 Ne6 25. b4 Rd8 26. Qc2 Rxd1+ 27. Qxd1
a6 28. h3 b6 29. axb6 Qxb6 30. Qd2 c5 31. bxc5 Nxc5 32. Nxc5 Qxc5 1/2-1/2

[Event "TURNIEJ O PUCHAR UKS PALAC MLODZIEZY KATOWICE Z OKAZJI DNIA NIEPODLEGLOSCI"]
[Site "Centrum Kongresow i Rekreacji Orle Gniazdo ul. Wrzosowa 28a, Szczyrk"]
[Date "1899-12-30"]
[Round "8.64"]
[White "Czerwinska, Oliwia"]
[Black "Kazmierowski, Tymon"]
[Result "1-0"]
[WhiteTitle "II+"]
[BlackTitle "II"]
[WhiteElo "1202"]
[BlackElo "1133"]

1. e4 c5 2. c3 d6 3. d4 cxd4 4. cxd4 e5 5. d5 Nf6 6. Nc3 Bg4 7. f3 Bh5 8. Bg5 Be7
9. Nge2 h6 10. Bh4 g5 11. Bf2 Nbd7 12. Ng3 Bg6 13. Bb5 a6 14. Bxd7+ Qxd7 15. O-O
h5 16. Rc1 h4 17. Nge2 h3 18. g3 Bh5 19. Be3 Ng8 20. Qa4 Qxa4 21. Nxa4 g4 22.
f4 exf4 23. Bxf4 Nf6 24. Nac3 Bg6 25. Nd4 Nxe4 26. Nxe4 Bxe4 27. Rfe1 Bg2 28.
Bxd6 Bxd5 29. Bxe7 Kd7 30. Bf6 Rh6 31. Bh4 Rah8 32. Rcd1 Kc8 33. Nf5 Rh5 34. Rxd5
Kc7 35. Ne3 R5h6 36. Rc5+ Kb6 37. Rcc1 Ka7 38. Bg5 Rg6 39. Bh4 Rgh6 40. Nf5 Rb6
41. b3 Rd8 42. Red1 Re8 43. Re1 Rd8 44. Rcd1 Rc8 45. Re2 Rb5 46. Ne7 Rc7 47. Red2
Rh5 48. Rd7 Rc2 49. R1d2 Rc1+ 50. Rd1 Rc2 51. R7d2 Rc7 52. Nd5 Rc8 53. Nf4 Ra5
54. a4 Rf5 55. Be7 Re8 56. Bh4 Re3 57. Rd3 Re8 58. Rd5 Rxd5 59. Rxd5 Re1+ 60.
Kf2 Re8 61. Rd7 f5 62. Rf7 Re5 63. Bf6 Ra5 64. Bd4+ Kb8 65. Ke3 Kc8 66. Nh5 b5
67. axb5 axb5 68. Rxf5 Ra3 69. Rxb5 Ra6 70. Nf6 Kc7 71. Nxg4 Re6+ 72. Be5+ Kd7
73. Nf2 Kc6 74. Ra5 Kb6 75. b4 Re8 76. Nxh3 Kc7 1-0

[Event "TURNIEJ O PUCHAR UKS PALAC MLODZIEZY KATOWICE Z OKAZJI DNIA NIEPODLEGLOSCI"]
[Site "Centrum Kongresow i Rekreacji Orle Gniazdo ul. Wrzosowa 28a, Szczyrk"]
[Date "1899-12-30"]
[Round "9.1"]
[White "Warakomski, Tomasz"]
[Black "Prohorov, Olexandr"]
[Result "1-0"]
[WhiteTitle "IM"]
[BlackTitle "k"]
[WhiteElo "2485"]
[BlackElo "2074"]

1. e4 c6 2. d4 d5 3. e5 g6 4. Nc3 Bg7 5. f4 h5 6. Be2 Nh6 7. Nf3 Bg4 8. h3 Bxf3
9. Bxf3 Nf5 10. g4 hxg4 11. hxg4 Rxh1+ 12. Bxh1 e6 13. gxf5 Qh4+ 14. Ke2 Qh2+
15. Kf3 Nd7 16. Bg2 Qh5+ 17. Kf2 Qxf5 18. Qd3 Qh5 19. Qh3 O-O-O 20. Qxh5 gxh5
21. Be3 Rh8 22. Bf3 Nf8 23. Ne2 Ng6 24. Rh1 h4 25. Bg4 Kd7 26. f5 Nf8 27. f6 Bh6
28. Bxh6 Rxh6 29. Nf4 c5 30. c3 cxd4 31. cxd4 Nh7 32. Ng2 Rg6 33. Rxh4 Ng5 34.
Bf3 Rg8 35. Nf4 Rc8 36. Bd1 Ne4+ 37. Ke3 Rc1 38. Rh1 Ng3 39. Ba4+ 1-0

[Event "TURNIEJ O PUCHAR UKS PALAC MLODZIEZY KATOWICE Z OKAZJI DNIA NIEPODLEGLOSCI"]
[Site "Centrum Kongresow i Rekreacji Orle Gniazdo ul. Wrzosowa 28a, Szczyrk"]
[Date "1899-12-30"]
[Round "9.2"]
[White "Filewicz, Radoslaw"]
[Black "Rozycki, Bartlomiej"]
[Result "0-1"]
[WhiteTitle "I"]
[BlackTitle "k++"]
[WhiteElo "1879"]
[BlackElo "2061"]

1. d4 Nf6 2. Nf3 e6 3. g3 c5 4. c3 d5 5. Bg2 Nc6 6. O-O b6 7. Bg5 Be7 8. Nbd2 Bb7
9. Rc1 O-O 10. Nb3 c4 11. Nbd2 h6 12. Bxf6 Bxf6 13. Qc2 Ne7 14. e4 dxe4 15. Nxe4
Bxe4 16. Qxe4 Qd5 17. Rfe1 b5 18. Ne5 Rad8 19. a3 Bxe5 20. Qxe5 Qd7 21. Rcd1 a6
22. d5 Nxd5 23. Bxd5 exd5 24. Qd4 Rfe8 25. Qb6 Rxe1+ 26. Rxe1 d4 27. cxd4 Qxd4
28. Qc7 Qd7 29. Qb6 Qd6 30. Qb7 Rd7 31. Qa8+ Rd8 32. Qb7 g6 33. h4 h5 34. Re7
Qd1+ 35. Kh2 Qd5 36. Qxa6 Qf5 37. Re2 Qf3 38. Qb6 Rd1 39. Qb8+ Kh7 0-1

[Event "TURNIEJ O PUCHAR UKS PALAC MLODZIEZY KATOWICE Z OKAZJI DNIA NIEPODLEGLOSCI"]
[Site "Centrum Kongresow i Rekreacji Orle Gniazdo ul. Wrzosowa 28a, Szczyrk"]
[Date "1899-12-30"]
[Round "9.3"]
[White "Mroziak, Maciej"]
[Black "Kowalczyk, Rafal"]
[Result "1-0"]
[WhiteTitle "m"]
[BlackTitle "k+"]
[WhiteElo "2207"]
[BlackElo "2271"]

1. e4 e5 2. Nf3 Nc6 3. d4 exd4 4. Nxd4 Nf6 5. Nxc6 bxc6 6. e5 Qe7 7. Qe2 Nd5 8.
c4 Ba6 9. b3 g6 10. f4 Bg7 11. Qf2 Nb6 12. Ba3 Qe6 13. Be2 f6 14. O-O fxe5 15.
Nc3 e4 16. Rac1 O-O-O 17. Rfe1 Bb7 18. Bf1 d5 19. cxd5 cxd5 20. Nb5 Kb8 21. Nxc7
Qf6 22. Nb5 d4 23. Bc5 e3 24. Qg3 h5 25. f5+ Qe5 26. Bd6+ Rxd6 27. Nxd6 Qxg3 28.
hxg3 Bd5 29. fxg6 Be5 30. Nf7 Bxf7 31. gxf7 Bxg3 32. Red1 Be5 33. Bd3 Nc8 34.
Rf1 Rf8 35. Rf5 Bg3 36. Rb5+ Nb6 37. Rf5 Nc8 38. Rc6 Nd6 39. Rf1 Bf2+ 1-0

[Event "TURNIEJ O PUCHAR UKS PALAC MLODZIEZY KATOWICE Z OKAZJI DNIA NIEPODLEGLOSCI"]
[Site "Centrum Kongresow i Rekreacji Orle Gniazdo ul. Wrzosowa 28a, Szczyrk"]
[Date "1899-12-30"]
[Round "9.4"]
[White "Goluch, Piotr"]
[Black "Lorenc, Marian"]
[Result "1-0"]
[WhiteTitle "FM"]
[BlackTitle "k"]
[WhiteElo "2264"]
[BlackElo "1956"]

1. Nf3 Nf6 2. c4 c5 3. g3 g6 4. Bg2 Bg7 5. O-O O-O 6. Nc3 Nc6 7. d4 cxd4 8. Nxd4
Qb6 9. Nc2 d6 10. h3 Be6 11. b3 Ne4 12. Nxe4 Bxa1 13. Nxa1 Qa5 14. Qd2 Qe5 15.
Bb2 Qh5 16. g4 Qh4 17. Nc2 f6 18. Ne3 h5 19. Nd5 hxg4 20. hxg4 Bxg4 21. f3 Bf5
22. Qf4 Qxf4 23. Nxf4 g5 24. Nd5 Bxe4 25. fxe4 Kf7 26. Bh3 Rh8 27. Kg2 Rh4 28.
Nc7 Rah8 29. Be6+ Kf8 30. Kf2 Rxe4 31. Bd5 Rf4+ 32. Ke1 Rxf1+ 33. Kxf1 Ne5 34.
Bxe5 dxe5 35. Bxb7 Kf7 36. Bd5+ Kg6 37. Nb5 a5 38. c5 Rb8 39. Na7 Rd8 40. Be6
Rd1+ 41. Kf2 Rc1 42. c6 f5 43. Bc4 e4 44. c7 f4 45. c8=Q e3+ 46. Kg2 Re1 47. Bd3+
Kh5 48. Qh3# 1-0

[Event "TURNIEJ O PUCHAR UKS PALAC MLODZIEZY KATOWICE Z OKAZJI DNIA NIEPODLEGLOSCI"]
[Site "Centrum Kongresow i Rekreacji Orle Gniazdo ul. Wrzosowa 28a, Szczyrk"]
[Date "1899-12-30"]
[Round "9.5"]
[White "Szymczak, Zbigniew"]
[Black "Jankowiak, Tomasz"]
[Result "1-0"]
[WhiteTitle "IM"]
[BlackTitle "I"]
[WhiteElo "2190"]
[BlackElo "1895"]

1. d4 d5 2. c4 c6 3. Nf3 Nf6 4. Qc2 e6 5. g3 Bd6 6. Bg2 O-O 7. Nbd2 Nbd7 8. O-O
b6 9. b3 Bb7 10. Bb2 Rc8 11. e4 dxe4 12. Nxe4 Nxe4 13. Qxe4 Ba8 14. Qc2 c5 15.
Rad1 Qe7 16. Rfe1 cxd4 17. Nxd4 Be5 18. Bxa8 Bxd4 19. Rxd4 Rxa8 20. Red1 Nf6 21.
Qd2 e5 22. Rd3 Rfe8 23. Re1 Qc5 24. Rde3 Rad8 25. Qc2 Nd7 26. Qf5 f6 27. h4 Qd6
28. Rd3 Qe6 29. Qxe6+ Rxe6 30. Red1 Re7 31. Ba3 Rf7 32. Rd6 g6 33. Kg2 Kg7 34.
Kf3 e4+ 35. Kxe4 Re8+ 36. Kf3 Ne5+ 37. Kg2 Ng4 38. R1d2 Re1 39. Rd7 h5 40. Rxf7+
Kxf7 41. Rd7+ Ke8 42. Rxa7 Re2 43. c5 Rxf2+ 44. Kg1 Rxa2 45. cxb6 Ne3 46. b7 Ra1+
47. Kf2 Nd1+ 48. Ke1 1-0

[Event "TURNIEJ O PUCHAR UKS PALAC MLODZIEZY KATOWICE Z OKAZJI DNIA NIEPODLEGLOSCI"]
[Site "Centrum Kongresow i Rekreacji Orle Gniazdo ul. Wrzosowa 28a, Szczyrk"]
[Date "1899-12-30"]
[Round "9.6"]
[White "Namyslak, Piotr"]
[Black "Markiewicz, Jerzy"]
[Result "0-1"]
[WhiteTitle "I"]
[BlackTitle "FM"]
[WhiteElo "1696"]
[BlackElo "2175"]

1. c4 c6 2. Nc3 d5 3. cxd5 cxd5 4. d4 Nc6 5. Nf3 Nf6 6. Bf4 e6 7. e3 Bd6 8. Bxd6
Qxd6 9. Bb5 Qb4 10. Qa4 Qxb2 11. Bxc6+ bxc6 12. Qxc6+ Bd7 13. Qxa8+ Ke7 14. Qxh8
Qxc3+ 15. Ke2 Bb5+ 16. Kd1 Qxa1+ 17. Kc2 Qxa2+ 18. Kc3 Ne4+ 19. Kb4 Qa4# 0-1

[Event "TURNIEJ O PUCHAR UKS PALAC MLODZIEZY KATOWICE Z OKAZJI DNIA NIEPODLEGLOSCI"]
[Site "Centrum Kongresow i Rekreacji Orle Gniazdo ul. Wrzosowa 28a, Szczyrk"]
[Date "1899-12-30"]
[Round "9.7"]
[White "Urbanski, Grzegorz"]
[Black "Poplawski, Maciej"]
[Result "1-0"]
[WhiteTitle "k"]
[BlackTitle "I"]
[WhiteElo "2164"]
[BlackElo "1839"]

1. e4 c6 2. c4 d5 3. exd5 cxd5 4. cxd5 Qxd5 5. Nc3 Qa5 6. d4 Nf6 7. Bf4 e6 8. Nf3
Nd5 9. Bd2 Nc6 10. Bc4 Nxc3 11. bxc3 Bd6 12. O-O O-O 13. Re1 a6 14. Bb3 Qh5 15.
h3 b5 16. Re4 Ne7 17. Rh4 Qg6 18. Rg4 Qd3 19. Ne1 Qf5 20. Bc2 Qd5 21. Be4 Qc4
22. Bxa8 e5 23. Rg3 exd4 24. cxd4 Bxg3 25. fxg3 Qxd4+ 26. Kh2 Rd8 27. Nf3 Qf6
28. Qe2 Qxa1 29. Qxe7 Qf6 30. Qc5 Be6 31. Bg5 Qd4 32. Nxd4 1-0

[Event "TURNIEJ O PUCHAR UKS PALAC MLODZIEZY KATOWICE Z OKAZJI DNIA NIEPODLEGLOSCI"]
[Site "Centrum Kongresow i Rekreacji Orle Gniazdo ul. Wrzosowa 28a, Szczyrk"]
[Date "1899-12-30"]
[Round "9.8"]
[White "Banasik, Henryk"]
[Black "Jarzebowski, Kacper"]
[Result "0-1"]
[WhiteTitle "k"]
[BlackTitle "I+"]
[WhiteElo "1805"]
[BlackElo "1561"]

1. e4 c5 2. Nf3 a6 3. Nc3 d6 4. d4 cxd4 5. Nxd4 Nf6 6. Bg5 Qa5 7. Bxf6 gxf6 8.
Qd2 h5 9. Nd5 Qd8 10. Qc3 Ra7 11. Nc7+ Kd7 12. Nd5 Nc6 13. g3 e6 14. Nxc6 bxc6
15. Ne3 Be7 16. Bg2 Qb6 17. O-O-O a5 18. f4 Ba6 19. Rd2 Rb7 20. Rhd1 Rhb8 21.
b3 a4 22. Qd4 Qxd4 23. Rxd4 axb3 24. axb3 d5 25. exd5 cxd5 26. Nxd5 exd5 27. Bxd5
Rb6 28. Bxf7+ Rd6 29. Rxd6+ Bxd6 30. Bxh5 Ke7 31. Re1+ Kf8 32. Bf3 Bb7 33. Bxb7
Rxb7 34. Kb2 Rh7 35. Re2 Be7 36. c3 Rh5 37. b4 Rb5 38. Kb3 Rb8 39. Ra2 Kf7 40.
Ra7 Rh8 41. h4 Rg8 42. b5 Rxg3 43. b6 Rg8 44. b7 Rb8 45. Kc4 Bd6 46. Kd5 Bxf4
47. c4 Rd8+ 48. Kc6 Rh8 49. Ra8 Bb8 50. Kb6 Kg6 51. c5 f5 52. c6 Kh5 53. c7 Rh6+
54. Kc5 Bxc7 55. Rc8 Bg3 56. b8=Q Bxb8 57. Rxb8 Kxh4 58. Kd5 Kg4 59. Rg8+ Kf4
60. Kd4 Re6 61. Rf8 Kg4 62. Kd5 Re7 63. Kd6 Re2 64. Kd5 f4 65. Kd4 Re7 66. Kd3
Kf3 67. Kd2 Kg3 68. Rg8+ Kf2 69. Rf8 Rd7+ 70. Kc3 f3 71. Rf4 Ke2 72. Re4+ Kf1
73. Rf4 f2 74. Kc2 Kg2 75. Rg4+ Kf3 0-1

[Event "TURNIEJ O PUCHAR UKS PALAC MLODZIEZY KATOWICE Z OKAZJI DNIA NIEPODLEGLOSCI"]
[Site "Centrum Kongresow i Rekreacji Orle Gniazdo ul. Wrzosowa 28a, Szczyrk"]
[Date "1899-12-30"]
[Round "9.9"]
[White "Ossolinska, Matylda"]
[Black "Wacior, Maciej"]
[Result "0-1"]
[WhiteTitle "I"]
[BlackTitle "I++"]
[WhiteElo "1460"]
[BlackElo "1960"]

1. e4 c6 2. d4 d5 3. e5 Bf5 4. h4 c5 5. g4 Be6 6. f4 g6 7. Nf3 Bxg4 8. Rg1 h5 9.
Qd3 e6 10. c3 Bxf3 11. Qxf3 Qxh4+ 12. Kd2 Nc6 13. Bb5 cxd4 14. cxd4 Bb4+ 15. Nc3
Nge7 16. a3 Bxc3+ 17. bxc3 Nf5 18. a4 O-O 19. Ba3 Rfc8 20. Bd3 Ncxd4 21. cxd4
Nxd4 22. Qd1 Qxf4+ 23. Ke1 Nf3+ 24. Ke2 Nxg1+ 25. Qxg1 Qxe5+ 26. Kd2 Qf4+ 27.
Ke2 Qg4+ 28. Qxg4 hxg4 29. Be7 f5 30. Rh1 e5 31. Bf6 Kf7 32. Bxe5 Re8 33. Kd2
Rxe5 34. Rh7+ Kf6 35. Rxb7 g3 36. Bf1 f4 37. Rb4 Re4 38. Rb5 f3 39. Rxd5 g2 40.
Bxg2 fxg2 41. Kd3 Rxa4 42. Rd6+ Ke5 43. Rxg6 Rd8+ 44. Kc2 Ra2+ 45. Kb3 Rf2 46.
Rg3 Rf3+ 47. Rxf3 g1=Q 48. Rh3 Qd1+ 49. Kb4 Rd4+ 0-1

[Event "TURNIEJ O PUCHAR UKS PALAC MLODZIEZY KATOWICE Z OKAZJI DNIA NIEPODLEGLOSCI"]
[Site "Centrum Kongresow i Rekreacji Orle Gniazdo ul. Wrzosowa 28a, Szczyrk"]
[Date "1899-12-30"]
[Round "9.10"]
[White "Marczak, Szymon"]
[Black "Polczyk, Mikolaj"]
[Result "1-0"]
[WhiteTitle "I"]
[BlackTitle "I"]
[WhiteElo "1578"]
[BlackElo "1772"]

1. e4 c5 2. Nf3 d6 3. Bb5+ Bd7 4. Bxd7+ Qxd7 5. c4 Nc6 6. Nc3 g6 7. d4 cxd4 8.
Nxd4 Bg7 9. Be3 Nf6 10. f3 O-O 11. O-O a6 12. Qd3 Ne5 13. Qe2 Qc7 14. b3 Nfd7
15. f4 Nc6 16. Rfd1 Qa5 17. Rac1 Rac8 18. Kh1 Nc5 19. Nd5 e6 20. Nxc6 bxc6 21.
Ne7+ Kh8 22. Nxc8 Rxc8 23. Bxc5 Qxc5 24. Rd3 Qb4 25. Rcd1 d5 26. exd5 cxd5 27.
cxd5 exd5 28. Rxd5 h6 29. Qd2 Bc3 30. Qd3 Bf6 31. f5 g5 32. Rd6 Kg7 33. Qxa6 Qc3
34. Rxf6 Rd8 35. Rfd6 Qf6 36. Qd3 Rxd6 37. Qxd6 Qxf5 38. Qd4+ Kg6 39. Qd3 1-0

[Event "TURNIEJ O PUCHAR UKS PALAC MLODZIEZY KATOWICE Z OKAZJI DNIA NIEPODLEGLOSCI"]
[Site "Centrum Kongresow i Rekreacji Orle Gniazdo ul. Wrzosowa 28a, Szczyrk"]
[Date "1899-12-30"]
[Round "9.11"]
[White "Kaminski, Maciej"]
[Black "Kupiecki, Szymon"]
[Result "1-0"]
[WhiteTitle "I"]
[BlackTitle "II"]
[WhiteElo "1769"]
[BlackElo "1458"]

1. d4 d5 2. Nc3 Nf6 3. Bg5 Bf5 4. f3 e6 5. e4 dxe4 6. fxe4 Bg4 7. Bxf6 Qxf6 8.
Qxg4 Qxd4 9. Qe2 Nc6 10. Nf3 Qb4 11. O-O-O Bd6 12. Qb5 Bf4+ 13. Kb1 Qxb5 14. Bxb5
O-O 15. g3 Be3 16. Bxc6 bxc6 17. Rhe1 Bc5 18. Ne5 Rab8 19. Nd7 Rb4 20. Nxc5 Rfb8
21. Nb3 a5 22. a3 R4b6 23. Rd4 c5 24. Rc4 Ra8 25. Nxc5 Rc6 26. N3a4 Rb8 27. Rd1
h6 28. Rcd4 Rb5 29. c4 Rbxc5 30. Nxc5 Rxc5 31. b4 axb4 32. axb4 Rh5 33. h4 Re5
34. Kc2 f5 35. exf5 exf5 36. R1d2 g5 37. hxg5 hxg5 38. Rd5 Re4 39. Kc3 Re3+ 40.
R2d3 Re1 41. Rxf5 Rc1+ 42. Kd4 Kh7 43. Rxg5 Kh6 44. Rc5 Rf1 45. Ra3 Rf7 46. Ra6+
Kh7 47. Rac6 Rd7+ 48. Rd5 Re7 49. Rdc5 Re2 50. Rxc7+ Kh8 51. Re5 Rd2+ 52. Kc3
Rd8 53. Ree7 Rf8 54. b5 1-0

[Event "TURNIEJ O PUCHAR UKS PALAC MLODZIEZY KATOWICE Z OKAZJI DNIA NIEPODLEGLOSCI"]
[Site "Centrum Kongresow i Rekreacji Orle Gniazdo ul. Wrzosowa 28a, Szczyrk"]
[Date "1899-12-30"]
[Round "9.12"]
[White "Dzwierzynski, Bartosz"]
[Black "Rak, Maciej"]
[Result "1/2-1/2"]
[WhiteTitle "II"]
[BlackTitle "II+"]
[WhiteElo "1435"]
[BlackElo "1748"]

1. d4 d5 2. c3 e6 3. f4 c5 4. e3 Nc6 5. Nf3 Nf6 6. Bd3 cxd4 7. exd4 b6 8. O-O Be7
9. Ne5 Qc7 10. Be3 Ne4 11. Nd2 Nxd2 12. Qxd2 f6 13. Nxc6 Qxc6 14. a4 O-O 15. a5
b5 16. Qe2 a6 17. Bf2 Bd6 18. Bh4 Qc7 19. Qh5 g6 20. Qf3 Qf7 21. Kh1 Bd7 1/2-1/2

[Event "TURNIEJ O PUCHAR UKS PALAC MLODZIEZY KATOWICE Z OKAZJI DNIA NIEPODLEGLOSCI"]
[Site "Centrum Kongresow i Rekreacji Orle Gniazdo ul. Wrzosowa 28a, Szczyrk"]
[Date "1899-12-30"]
[Round "9.13"]
[White "Rudecki, Bartosz"]
[Black "Przepiora, Anna"]
[Result "1-0"]
[WhiteTitle "II+"]
[BlackTitle "II+"]
[WhiteElo "1738"]
[BlackElo "1354"]

1. e4 c5 2. Nf3 a6 3. d3 Nc6 4. g3 g6 5. Bg2 Bg7 6. O-O Nf6 7. e5 Nd5 8. Re1 O-O
9. h4 h5 10. Nc3 Nxc3 11. bxc3 Qc7 12. Bf4 d6 13. d4 b6 14. Ng5 Bg4 15. Qd2 dxe5
16. dxe5 Rad8 17. Qe3 Qd7 18. e6 Qc8 19. exf7+ Rxf7 20. Nxf7 Kxf7 21. Bxc6 Qxc6
22. Qxe7+ Kg8 23. Qxd8+ Kh7 24. Qc7 1-0

[Event "TURNIEJ O PUCHAR UKS PALAC MLODZIEZY KATOWICE Z OKAZJI DNIA NIEPODLEGLOSCI"]
[Site "Centrum Kongresow i Rekreacji Orle Gniazdo ul. Wrzosowa 28a, Szczyrk"]
[Date "1899-12-30"]
[Round "9.15"]
[White "Karwat, Szymon"]
[Black "Turlej, Lukasz"]
[Result "1-0"]
[WhiteTitle "II"]
[BlackTitle "k"]
[WhiteElo "1603"]
[BlackElo "2090"]

1. f4 c5 2. Nf3 d5 3. e3 Nc6 4. Bb5 g6 5. Bxc6+ bxc6 6. O-O Bg7 7. d3 Nf6 8. b3
Ng4 9. c3 d4 10. e4 dxc3 11. Qc2 Qa5 12. h3 Nh6 13. e5 Ba6 14. Rd1 Rd8 15. Nxc3
Nf5 16. Ne4 Rd5 17. g4 Nd4 18. Nxd4 Rxd4 19. Be3 Rd5 20. Nxc5 O-O 21. b4 Qa3 22.
Rab1 Rxc5 23. Bxc5 Bb5 24. Rb3 Qa6 25. Qb2 Ba4 26. Bxe7 Re8 27. Bd6 h5 28. Rd2
hxg4 29. hxg4 Bxb3 30. Qxb3 Qb5 31. a3 Qb7 32. b5 Qc8 33. Qd1 Qb7 34. Qb1 1-0

[Event "TURNIEJ O PUCHAR UKS PALAC MLODZIEZY KATOWICE Z OKAZJI DNIA NIEPODLEGLOSCI"]
[Site "Centrum Kongresow i Rekreacji Orle Gniazdo ul. Wrzosowa 28a, Szczyrk"]
[Date "1899-12-30"]
[Round "9.16"]
[White "Kmiecik, Wojciech"]
[Black "Koseski, Damian"]
[Result "0-1"]
[WhiteTitle "I+"]
[BlackTitle "I"]
[WhiteElo "1953"]
[BlackElo "1611"]

1. d4 Nf6 2. Nf3 g6 3. c4 Bg7 4. Nc3 d6 5. e4 O-O 6. Be2 e5 7. O-O Nbd7 8. d5 a5
9. Qc2 h6 10. a3 Nc5 11. Be3 b6 12. b4 Nb7 13. Nd2 Ng4 14. Bxg4 Bxg4 15. f3 Bd7
16. Ne2 f5 17. c5 bxc5 18. bxc5 Bb5 19. c6 Nc5 20. Rfe1 Nd3 21. Reb1 Ba6 22. Rb3
f4 23. Bf2 Nxf2 24. Kxf2 Qh4+ 25. Kf1 Qxh2 26. Nb1 Bf6 27. Ra2 Bh4 0-1

[Event "TURNIEJ O PUCHAR UKS PALAC MLODZIEZY KATOWICE Z OKAZJI DNIA NIEPODLEGLOSCI"]
[Site "Centrum Kongresow i Rekreacji Orle Gniazdo ul. Wrzosowa 28a, Szczyrk"]
[Date "1899-12-30"]
[Round "9.17"]
[White "Miasik, Adrian"]
[Black "Klok, Kacper"]
[Result "1-0"]
[WhiteTitle "I"]
[BlackTitle "II"]
[WhiteElo "1732"]
[BlackElo "1489"]

1. d4 f5 2. Nf3 Nf6 3. g3 e6 4. Bg2 g6 5. O-O Bg7 6. c4 O-O 7. Nc3 d6 8. Bg5 h6
9. Bd2 Kh7 10. Re1 Nfd7 11. e4 Nc6 12. exf5 exf5 13. Bf4 Nb6 14. d5 Ne7 15. Qe2
Re8 16. Qd3 c5 17. h4 a6 18. Re2 Bd7 19. Bxd6 Bxc3 20. Qxc3 Ng8 21. Rxe8 Qxe8
22. Bxc5 Na4 23. Qa3 b6 24. Be3 Rc8 25. b3 Nc3 26. Qb2 Ne4 27. Ne5 a5 28. Nxd7
Qxd7 29. Bxe4 fxe4 30. Bxb6 Qh3 31. Qe5 Rf8 32. Qxe4 h5 33. Bc5 Rf7 34. Qe6 Qxe6
35. dxe6 Rc7 36. Bb6 Re7 37. Re1 Nf6 38. Bxa5 Ne8 39. Bb4 Ra7 40. a3 Kg7 41. Bc3+
Kf8 42. a4 Rb7 43. b4 Ra7 44. a5 Rb7 45. b5 Rc7 46. Bb4+ Kg7 47. c5 Rb7 48. b6
Kf6 49. a6 Rb8 50. Ba5 Rc8 51. b7 Rb8 52. Bb6 Ng7 53. c6 Nxe6 54. Rxe6+ Kxe6 55.
c7 Rf8 56. a7 Rxf2 57. Kxf2 Kd6 58. c8=Q Ke7 59. b8=R 1-0

[Event "TURNIEJ O PUCHAR UKS PALAC MLODZIEZY KATOWICE Z OKAZJI DNIA NIEPODLEGLOSCI"]
[Site "Centrum Kongresow i Rekreacji Orle Gniazdo ul. Wrzosowa 28a, Szczyrk"]
[Date "1899-12-30"]
[Round "9.18"]
[White "Pedrak, Paulina"]
[Black "Kawalko, Adam"]
[Result "1-0"]
[WhiteTitle "I"]
[BlackTitle "II+"]
[WhiteElo "1497"]
[BlackElo "1703"]

1. e4 c5 2. Nf3 e6 3. d4 cxd4 4. Nxd4 a6 5. Be3 Qc7 6. Nc3 Nf6 7. Bd3 Bb4 8. Bd2
O-O 9. O-O b5 10. Qe2 Bxc3 11. Bxc3 Bb7 12. e5 Nd5 13. Bd2 Nc6 14. Nxc6 Qxc6 15.
Qh5 Nf6 16. Qh3 Ne4 17. f3 g6 18. Bxe4 Qc5+ 19. Kh1 Bxe4 20. fxe4 Qxc2 21. Bh6
Rfe8 22. Qf3 f5 23. exf6 Kf7 24. Rad1 Rad8 25. Rd2 Qc4 26. a3 Rg8 27. Rfd1 Qc6
28. Bg5 Rh8 29. Qf4 h5 30. Qd6 Qxd6 31. Rxd6 Ke8 32. Rxa6 Rc8 33. Rad6 Rc7 34.
Rb6 Kf7 35. Rxb5 Rhc8 36. h3 Ke8 37. b4 Rc3 38. a4 Rc2 39. Rb7 Rd8 40. f7+ Kxf7
41. Bxd8 Ke8 42. Rbxd7 Rc4 43. Re7+ Kf8 44. Rxe6 Rxb4 45. Be7+ Kg7 46. Bxb4 Kh6
47. Bd2+ Kg7 48. a5 Kf7 49. Rc6 Ke7 50. Rb1 Kd7 51. Rxg6 Kc7 52. Rbb6 Kd7 53.
Rg7+ Kc8 54. Rh6 1-0

[Event "TURNIEJ O PUCHAR UKS PALAC MLODZIEZY KATOWICE Z OKAZJI DNIA NIEPODLEGLOSCI"]
[Site "Centrum Kongresow i Rekreacji Orle Gniazdo ul. Wrzosowa 28a, Szczyrk"]
[Date "1899-12-30"]
[Round "9.19"]
[White "Guzik, Kacper"]
[Black "Dytman, Radoslaw"]
[Result "0-1"]
[WhiteTitle "II"]
[BlackTitle "I"]
[WhiteElo "1404"]
[BlackElo "1689"]

1. e4 e5 2. Nf3 Nc6 3. Bc4 Bc5 4. Nc3 d6 5. h3 Nf6 6. d3 h6 7. O-O a6 8. Qe2 O-O
9. Be3 Nd4 10. Nxd4 exd4 11. b4 Bxb4 12. Bxd4 c5 13. Bxf6 Qxf6 14. Nd5 Qd8 15.
Rab1 b5 16. Nxb4 bxc4 17. Nd5 cxd3 18. cxd3 Be6 19. Nf4 Rb8 20. Nxe6 fxe6 21.
Rfd1 e5 22. Qc2 Rb6 23. Rxb6 Qxb6 24. Rb1 Qa5 25. Qc4+ Kh7 26. Qe6 Rf6 27. Qc4
Qd2 28. Rf1 a5 29. Qb3 Qb4 30. Rb1 Qd2 31. Rf1 Qb4 32. Qc2 Qd4 33. Kh1 a4 34.
g3 Rf3 35. Kg2 Qxd3 36. Qxa4 Rf6 37. Qb3 Qxe4+ 38. Kh2 Qf3 39. Qxf3 Rxf3 40. Kg2
Ra3 41. Rd1 Rxa2 42. Rxd6 c4 43. Rc6 Ra4 44. Rc5 e4 45. Re5 c3 46. Rc5 Ra3 47.
Rc4 Kg6 48. Rxe4 Kf5 49. Rd4 Ke5 50. Rd8 c2 51. Rc8 Ra2 52. Kf3 Kd4 53. Rd8+ Kc3
54. Rc8+ Kb2 55. Rb8+ Ka1 56. Rc8 Kb1 57. Rb8+ Rb2 58. Rc8 c1=Q 59. Rxc1+ Kxc1
60. Kf4 Rxf2+ 61. Kg4 Kd2 62. h4 Ke3 63. Kh3 Rf8 64. Kg4 g6 65. Kh3 h5 66. Kh2
Kf3 67. Kh3 Ra8 68. Kh2 Ra1 69. Kg1 0-1

[Event "TURNIEJ O PUCHAR UKS PALAC MLODZIEZY KATOWICE Z OKAZJI DNIA NIEPODLEGLOSCI"]
[Site "Centrum Kongresow i Rekreacji Orle Gniazdo ul. Wrzosowa 28a, Szczyrk"]
[Date "1899-12-30"]
[Round "9.20"]
[White "Tylenda, Krzysztof"]
[Black "Ciesielski, Jan"]
[Result "1-0"]
[WhiteTitle "I"]
[BlackTitle "II+"]
[WhiteElo "1688"]
[BlackElo "1410"]

1. e4 c6 2. d4 d5 3. exd5 cxd5 4. Bd3 Nc6 5. c3 Nf6 6. Bf4 e6 7. Nd2 Bd6 8. Bxd6
Qxd6 9. Ngf3 O-O 10. O-O a6 11. Qb3 b5 12. Rae1 Na5 13. Qc2 Bb7 14. Qb1 Rac8 15.
Nb3 Nxb3 16. axb3 b4 17. Rc1 a5 18. Ne5 Ba6 19. f4 Bxd3 20. Qxd3 Rc7 21. f5 Rb8
22. fxe6 Qxe6 23. c4 dxc4 24. bxc4 Rbc8 25. b3 Qb6 26. Kh1 Re8 27. Rce1 Rd8 28.
d5 Qc5 29. Qg3 Rf8 30. Rxf6 1-0